| 000 | 00537nam a22001817a 4500 | ||
|---|---|---|---|
| 005 | 20251108164052.0 | ||
| 008 | 250721s1992 xx 000 0 ara d | ||
| 082 | 1 | 4 | _a216,9/نحو |
| 100 | 1 | _aالنحوي، عدنان علي رضا | |
| 245 | 1 | 0 | _aالشورى لا الديمقراطية / |
| 250 | _aط4. | ||
| 264 | 1 |
_aالرياض : _bدار النحوي للنشر و التوزيع، _c1992. |
|
| 300 | _a167ص | ||
| 650 | 1 | 7 | _aالأحكام السلطانية |
| 650 | 1 | 7 | _aالشورى |
| 942 |
_2ddc _cBK |
||
| 999 |
_c2833 _d2833 |
||